=Enfim sós (Record no. 47143)

MARC details
000 -LÍDER
campo de controle de tamanho fixo 00349 a2200169 4500
001 - NÚMERO DE CONTROLE
campo de controle 47143
020 ## - ISBN - INTERNATIONAL STANDARD BOOK NUMBER
ISBN - International Standard Book Number 8526217224
040 ## - FONTE DA CATALOGAÇÃO
Instituição que transcreveu o registro Anchieta - Aquarius
100 ## - ENTRADA PRINCIPAL--NOME PESSOAL
Nome pessoal Leite, Marcia
240 10 - TÍTULO UNIFORME
Título uniforme =Enfim sós
Idioma da obra por
245 10 - TÍTULO
Título =Enfim sós
300 ## - DESCRIÇÃO FÍSICA
Extensão 88
362 0# - DATAS DE PUBLICAÇÃO E/OU DESIGNAÇÃO SEQUENCIAL
Datas de publicação e/ou designação sequencial 2002
440 #1 - DECLARAÇÃO DE SÉRIE/ENTRADA ADICIONADA--TÍTULO
Título Scipione
650 #4 - ASSUNTO--TERMO TÓPICO
Cabeçalho tópico ou nome geográfico Literatura brasileira
942 ## - ELEMENTOS DE ENTRADA ADICIONADOS (KOHA)
Tipo de material Koha Livros
Holdings
Situação do descarte Situação das perdas Situação física Não pode ser emprestado Biblioteca de origem Biblioteca atual Data de aquisição Total de empréstimos Número de chamada completo Código de barras Data de último acesso Data do preço efetivo Tipo de material Koha Fonte da classificação ou esquema de arquivamento na estante Nota pública Número do exemplar
        Colégio Anchieta - Aquarius Colégio Anchieta - Aquarius 21/11/2023   869.93 LEI ENF 5446/AQU 21/11/2023 21/11/2023 Livros      
        Novo Tempo - Aureliano São José Novo Tempo - Aureliano São José 03/05/2024     nt252 03/05/2024 03/05/2024 Livros Classificação Decimal de Dewey Estante Azul  
        Portinari - Salvador Portinari - Salvador 08/08/2024   028.5 L533e 0692/CCP 08/08/2024 08/08/2024 Livros     Ex. 1
        Portinari - Salvador Portinari - Salvador 08/08/2024   028.5 L533e 5228/CCP 08/08/2024 08/08/2024 Livros     Ex. 2
        Portinari - Salvador Portinari - Salvador 16/08/2024   028.5 L533e 6201/CCP 16/08/2024 16/08/2024 Livros     Ex. 1